=LDR 00000nam 2200000 4500 =001 INLIS000000000038194 =005 20130612143856 =008 ***********************************Ind** =035 ##$$0010-061300000038194 =041 ##$$a Ind =082 ##$$a 813 =090 ##$$a 813, Dem s =100 ##$$a Dematra Damien =245 ##$$a Samawi, Damien Dematra =260 ##$$a 2011 $b Jakrta =300 ##$$a 158 hm.6c21 cm =650 ##$$a Sastra Indonesia =850 ##$$a NBPNMAT